[Event "Odensemesterskabet 2017-IM 2"]
[Site "Odense"]
[Date "2017.10.13"]
[Round "1"]
[White "Aabling-Thomsen, Jakob"]
[Black "Olsen, Filip Boe"]
[Result "1/2-1/2"]
[WhiteElo "2390"]
[BlackElo "2266"]
[Annotator "TA"]
[PlyCount "39"]
[EventDate "2017.??.??"]
[EventCountry "DEN"]
[SourceTitle "playchess.com"]
[Source "ChessBase"]
[SourceQuality "1"]

{[%evp 21,39,0,0,0,0,0,0,0,0,0,0,0,0,0,0,0,0,0,0,0]} 1. c4 c6 2. g3 d5 3. Bg2 Nf6 4. Nf3 dxc4 5. O-O Nbd7 6. Qc2 Nb6 7. Na3 {[%cal Bb1a3,Ba3c4,Bc4e5][%mdl 32]} Be6 {A11: Reti-Eröffnung} 8. Ng5 (8. Ne5 h5 9. b3 cxb3 10. axb3 h4 11. Bb2 Qc8 12. Rfc1 hxg3 13. hxg3 Bd5 14. Nf3 g6 15. Nc4 {½-½ (41) Adams,M (2761)-So,W (2822) Shamkir 2017}) 8... Bg4 9. Nxc4 Bxe2 10. Ne5 Bh5 11. Re1 h6 {LiveBook: 10 Partien. Die Stellung ist ausgeglichen.} 12. Ne4 {Schwarz muss nun Sxf6+ beachten.} e6 13. Nxf6+ gxf6 {[#]} 14. Bxc6+ $1 {[%mdl 512]} bxc6 15. Qxc6+ Ke7 16. Qb7+ Ke8 17. Qc6+ Ke7 $146 18. Qb7+ Ke8 19. Qc6+ Ke7 20. Qb7+ 1/2-1/2

[Event "Odensemesterskabet 2017-IM 2"]
[Site "Odense"]
[Date "2017.10.13"]
[Round "1"]
[White "Fries-Nielsen, Jens Ove"]
[Black "Nielsen, Viktor Haarmark"]
[Result "1-0"]
[WhiteElo "2314"]
[BlackElo "2302"]
[Annotator "TA"]
[PlyCount "82"]
[EventDate "2017.??.??"]
[EventCountry "DEN"]
[SourceTitle "playchess.com"]
[Source "ChessBase"]
[SourceQuality "1"]

{[%evp 14,82,-37,-52,-11,-16,52,17,0,0,-5,-31,0,0,0,0,0,0,0,-10,26,-19,-35,-44,-50,-54,-41,-111,-84,-74,-72,-66,-29,-46,-39,-43,0,0,167,171,403,387,402,397,391,348,353,348,392,307,536,505,503,475,492,473,510,501,502,499,641,640,608,607,1314,1308,2376,2205,2166,2024,29978]} 1. e3 d5 2. f4 Nf6 3. Nf3 g6 4. Be2 Bg7 5. O-O O-O 6. d3 c5 7. Qe1 Nc6 8. Qh4 {LiveBook: 27 Partien} Qd6 {A03: Bird-Eröffnung} 9. Nc3 e5 (9... d4 $11 10. Ne4 Qc7) 10. fxe5 Nxe5 {Die Stellung ist ausgeglichen.} 11. Nxe5 Qxe5 12. d4 cxd4 $146 ({Vorgänger:} 12... Qe6 13. Bf3 c4 14. g4 Rd8 15. g5 Ne8 16. Qf4 {0-1 (47) Oliveira,P (2225)-Hess,R (2390) New York 1993}) 13. exd4 Qe6 14. Bh6 Ne4 {[#] Und weiter mit ...Sxc3 wäre nett.} 15. Bxg7 Kxg7 16. Bd3 {[%cal Rc3e4]} f5 17. Bxe4 dxe4 18. Qf4 Bd7 19. Rad1 {[%cal Ba1d1,Bd1d2,Bd2f2,Bf2f6][%mdl 32]} Rac8 20. Kh1 (20. Rd2 $15) 20... Rf6 21. Qe3 Qd6 22. Rd2 a6 23. a3 Rf7 24. Rdf2 {und nun wäre Sxe4! stark für Weiss.} Re7 25. g4 fxg4 $2 {[#]} (25... Rc4 $11 {und Schwarz ist OK.}) 26. Rf6 $1 $18 {[%cal Rf6d6]} Qxf6 $2 (26... Rxc3 27. Qxc3 (27. Rxd6 $2 {verliert.} Rxe3 28. Kg1 Rf3 $19) 27... Qxf6 28. Rxf6 Kxf6) 27. Rxf6 Kxf6 28. Nd5+ Kf7 {beabsichtigt ...Te6.} 29. Nxe7 Kxe7 30. Qxe4+ {[%mdl 4096] Endspiel KD-KTL} Kf8 31. d5 Bf5 $2 (31... Kf7 32. c4 Bf5) 32. Qb4+ {Weiß steht klar auf Gewinn.} Kg8 33. c4 {[%cal Bc2c4,Bc4c5][%mdl 32]} Rc7 34. c5 Rd7 35. Qc4 Kf8 36. b4 Re7 37. c6 bxc6 38. dxc6 Rc7 39. a4 {[%cal Ba3a4,Ba4b5][%mdl 32]} Ke7 40. b5 axb5 41. axb5 Kd6 {Precision: Weiß = 60%, Schwarz = 21%.} 1-0

[Event "Odensemesterskabet 2017-IM 2"]
[Site "Odense"]
[Date "2017.10.13"]
[Round "1"]
[White "Rostgaard, Tobias Valentin"]
[Black "Pedersen, Steffen"]
[Result "1/2-1/2"]
[WhiteElo "2297"]
[BlackElo "2368"]
[Annotator "TA"]
[PlyCount "59"]
[EventDate "2017.??.??"]
[EventCountry "DEN"]
[SourceTitle "playchess.com"]
[Source "ChessBase"]
[SourceQuality "1"]

{[%evp 20,59,5,8,41,24,22,6,29,17,37,26,34,7,43,40,44,12,26,0,5,-20,-20,-20,-20,-20,-20,-27,-27,-27,-27,-27,-27,-27,-27,-27,-20,-20,-20,-25,-25,-25]} 1. e4 e5 2. Nf3 Nc6 3. Bb5 a6 4. Ba4 Nf6 5. O-O Be7 6. d3 b5 7. Bb3 O-O 8. a3 d6 9. Nc3 Rb8 {C77: Spanische Partie (Anderssen-Variante)} (9... Bg4 10. Be3 Nd4 11. Bxd4 exd4 12. Nd5 Nxd5 13. Bxd5 Rc8 14. Bc6 Bf6 15. a4 Bd7 16. Bxd7 Qxd7 17. Qd2 Qc6 18. b3 {1-0 (64) Vachier Lagrave,M (2804)-Aronian,L (2799) Tbilisi 2017}) 10. h3 Na5 11. Ba2 {LiveBook: 9 Partien} Be6 $146 {Die Stellung ist ausgeglichen.} ({Vorgänger:} 11... c5 12. Bd2 Be6 13. Bb1 h6 14. Ne2 c4 15. Ba2 Nc6 16. Ng3 d5 17. Re1 dxe4 18. dxe4 {1-0 (82) Onischuk,V (2601)-Cheparinov,I (2689) Doha 2016}) 12. Bxe6 (12. Nd5 {seems wilder.} c5 13. b4 Nb7 14. Ne3 Qc7 15. Re1) 12... fxe6 13. Ne2 Qd7 14. c3 {[%cal Bc2c3,Bc3c4][%mdl 32]} Nc6 15. Ng3 a5 16. Re1 b4 17. axb4 axb4 18. c4 Ra8 19. Bd2 Rfb8 20. Qb3 Na5 21. Qa4 c5 22. Qc2 Nc6 23. b3 Qe8 24. Qb2 Nd7 25. Rxa8 Rxa8 26. Ra1 Nb6 27. Ne2 Rxa1+ 28. Qxa1 Qa8 29. Qxa8+ Nxa8 30. Kf1 {Precision: Weiß = 46%, Schwarz = 63%.} 1/2-1/2

[Event "Odensemesterskabet 2017-IM 2"]
[Site "Odense"]
[Date "2017.10.14"]
[Round "2"]
[White "Aabling-Thomsen, Jakob"]
[Black "Rostgaard, Tobias Valentin"]
[Result "0-1"]
[WhiteElo "2390"]
[BlackElo "2297"]
[Annotator "TA"]
[PlyCount "92"]
[EventDate "2017.??.??"]
[EventCountry "DEN"]
[SourceTitle "playchess.com"]
[Source "ChessBase"]
[SourceQuality "1"]

{[%evp 9,92,-30,-32,-50,-39,-40,-38,-52,-25,-47,0,-52,-44,-48,-38,-56,-52,-47,0,-2,0,0,0,0,0,0,0,0,7,-133,-109,-135,-117,-273,-219,-466,-244,-447,-447,-407,-311,-293,-294,-297,-296,-299,-289,-293,-287,-302,-260,-369,-291,-308,-306,-340,-290,-255,-251,-245,-247,-300,-296,-285,-242,-385,-378,-533,-490,-581,-579,-558,-554,-644,-644,-5732,-5732,-29976,-29977,-29977,-29978,-29978,-29979,-29979,-29980]} 1. c4 Nf6 2. Nc3 c5 3. e4 Nc6 4. Nge2 e6 5. Nf4 (5. g3 d5 6. cxd5 exd5 7. exd5 Nxd5 8. Bg2 Nc7 9. O-O Be7 10. d4 cxd4 11. Bxc6+ bxc6 12. Nxd4 Qd7 {0-1 (39) Omidi,A (2415)-Idani,P (2578) Teheran 2017}) 5... a6 6. Be2 $146 {A34: Symmetrical English: 2 Nc3, lines with ...d5} ({Predecessor:} 6. g3 h5 7. h4 g6 8. Bg2 Bg7 9. d3 d6 10. O-O O-O 11. Nfe2 Ng4 12. f3 Nge5 {0-1 (22) Drtina,M (2183)-Rohacek,M (2294) Slovakia 2016}) 6... Qc7 7. d3 Rb8 8. O-O {Black is slightly better.} Nd4 9. Re1 b5 (9... Bd6 $5 {[%cal Rd6f4]} 10. g3 b5 $15) 10. Bf1 (10. e5 $11 Ng8 11. Bg4) 10... Bd6 $15 11. g3 b4 12. Na4 h5 13. Ng2 {Black should prevent e5!} h4 14. Nxh4 Rxh4 15. gxh4 Bxh2+ 16. Kh1 Bf4 {...Bxc1 is the strong threat.} 17. Be3 {Threatening Nxc5!} e5 18. Bxd4 cxd4 19. Qf3 {[#]} (19. Bh3 $11) 19... Ke7 $1 $17 {[%mdl 1024] Black has strong compensation.} 20. c5 Bb7 21. Bh3 $2 (21. a3 $17) 21... Rh8 22. Rg1 $2 (22. Kg2 {is a better defense.}) 22... g6 (22... Qc6 $142 23. Rxg7 Qxa4) 23. Rg4 $2 (23. Kg2) 23... Nxg4 $19 24. Qxg4 d6 25. Nb6 dxc5 26. Nd5+ Bxd5 $1 27. exd5 Qd6 28. Re1 {Black must now prevent Qxf4.} Qxd5+ 29. Kg1 {Threatens to win with Qxf4.} Kf6 30. a3 (30. b3 $142) 30... b3 31. Bg2 Qe6 32. Qf3 Rxh4 33. Qd5 Qxd5 34. Bxd5 {[%mdl 4096] Endgame KRB-KRB} Rh8 35. Bxb3 Rb8 36. Bc4 Rxb2 37. Bxa6 (37. Kf1 {was necessary.}) 37... Ra2 38. Rb1 (38. a4 $142) 38... Rxa3 39. Rb6+ Kg5 40. Bc4 {[#]} e4 $1 41. dxe4 d3 {[%cal Bd4d3,Bd3d2][%mdl 32]} 42. Rb1 Rc3 43. Bxf7 d2 {Black mates.} 44. Rd1 Rc1 45. Bb3 c4 {[%cal Bc5c4,Bc4c3][%mdl 32]} 46. Ba4 c3 {Precision: White = 25%, Black = 58%.} 0-1

[Event "Odensemesterskabet 2017-IM 2"]
[Site "Odense"]
[Date "2017.10.14"]
[Round "2"]
[White "Pedersen, Steffen"]
[Black "Fries-Nielsen, Jens Ove"]
[Result "1/2-1/2"]
[WhiteElo "2368"]
[BlackElo "2314"]
[Annotator "TA"]
[PlyCount "41"]
[EventDate "2017.??.??"]
[EventCountry "DEN"]
[SourceTitle "playchess.com"]
[Source "ChessBase"]
[SourceQuality "1"]

{[%evp 21,22,-2,-6]} 1. d4 Nf6 2. c4 e6 3. Nf3 d5 4. Nc3 Be7 5. cxd5 exd5 6. Bg5 c6 7. Qc2 g6 8. e3 Bf5 9. Bd3 Bxd3 10. Qxd3 Nbd7 11. O-O O-O {LiveBook: 357 Games} {Predecessor:} 12. h3 $146 Re8 13. Bf4 Bf8 14. Ne5 Bg7 15. Bh2 Nxe5 16. Bxe5 Ne4 17. Bxg7 Kxg7 18. Nxe4 Rxe4 19. b4 a6 20. a4 Qd6 21. b5 {½-½ (34) Bu,X (2723)-Wei,Y (2696) Wuxi 2016} 1/2-1/2

[Event "Odensemesterskabet 2017-IM 2"]
[Site "Odense"]
[Date "2017.10.14"]
[Round "2"]
[White "Olsen, Filip Boe"]
[Black "Nielsen, Viktor Haarmark"]
[Result "1-0"]
[WhiteElo "2266"]
[BlackElo "2302"]
[Annotator "TA"]
[PlyCount "79"]
[EventDate "2017.??.??"]
[EventCountry "DEN"]
[SourceTitle "playchess.com"]
[Source "ChessBase"]
[SourceQuality "1"]

{[%evp 16,79,20,-8,41,24,24,29,31,31,32,-3,27,27,27,26,66,64,81,79,66,77,84,36,40,29,116,114,104,34,38,43,139,138,129,129,146,138,140,118,118,118,142,131,121,118,128,101,109,106,106,108,108,100,101,101,100,66,100,66,88,65,256,239,327,317]} 1. d4 d5 2. c4 e6 3. Nc3 Nf6 4. cxd5 exd5 5. Bg5 Be7 6. e3 c6 7. Qc2 Nbd7 8. Bd3 h6 9. Bf4 Nb6 {D36: Queen's Gambit Declined: Exchange Variation: Main line (5 Bg5 c6 6 Qc2)} (9... Nh5 10. Nf3 Nxf4 11. exf4 Nf6 12. O-O O-O 13. Rfe1 c5 14. dxc5 Bxc5 15. Ne5 Be6 16. f5 Bd7 17. Nxd5 Rc8 18. Nxf6+ gxf6 {1-0 (57) Wang,H (2705)-Zhou,W (2646) Zaozhuang 2015}) 10. Nge2 Bd6 11. O-O O-O $146 {White has an edge.} ({Predecessor:} 11... Bxf4 12. Nxf4 O-O 13. Rad1 Re8 14. Rfe1 Qc7 15. Nfe2 Be6 16. f3 Rad8 17. b3 {1-0 (44) Kowalski,M (1908)-Szmidt,W (1558) Karpacz 2013}) 12. Bxd6 Qxd6 13. f3 c5 14. Nb5 Qe7 $1 15. dxc5 Qxe3+ 16. Kh1 Nbd7 17. b4 $1 {Threatens to win with Rae1.} Ne5 18. Rad1 Bd7 19. Nbd4 Rfe8 20. Bf5 Qa3 (20... Rad8 $11) 21. Bxd7 $1 $16 Nexd7 22. Nb5 ({White should try} 22. Qb1 $16) 22... Qxb4 $14 23. Nc7 Qxc5 (23... Nxc5 $14 24. Nxa8 Rxa8) 24. Qxc5 $16 Nxc5 25. Nf4 $1 ({Don't play} 25. Nxe8 $6 Rxe8 26. Nd4 Re3 $11) 25... b6 26. Nxa8 Rxa8 27. Nxd5 Nxd5 28. Rxd5 {[%mdl 4096] Endgame KRR-KRN} Re8 29. Rfd1 Re2 30. R5d2 Re3 31. Kg1 g6 32. Rd8+ Kg7 33. R1d2 Ra3 34. Rc8 h5 35. Rc7 Kf6 36. h3 Ne6 37. Rc6 Kg7 38. Rd7 Nc5 $2 {[#]} (38... Kf6 $1 $14) 39. Re7 $1 $18 Rxa2 {[#]} 40. Rcc7 $1 {Precision: White = 47%, Black = 37%.} 1-0

[Event "Odensemesterskabet 2017-IM 2"]
[Site "Odense"]
[Date "2017.10.14"]
[Round "3"]
[White "Fries-Nielsen, Jens Ove"]
[Black "Aabling-Thomsen, Jakob"]
[Result "1-0"]
[WhiteElo "2314"]
[BlackElo "2390"]
[Annotator "TA"]
[PlyCount "109"]
[EventDate "2017.??.??"]
[EventCountry "DEN"]
[SourceTitle "playchess.com"]
[Source "ChessBase"]
[SourceQuality "1"]

{[%evp 9,109,-45,0,1,2,-17,-10,-29,11,13,9,-31,-31,-33,-23,-23,-14,-15,13,23,24,17,38,-4,67,17,14,0,32,25,37,13,9,8,20,21,41,38,41,32,66,58,59,44,58,58,60,0,54,26,38,0,33,1,12,17,16,24,22,27,56,-29,0,0,0,0,185,169,162,121,151,121,131,127,132,120,119,110,116,109,250,268,232,108,681,681,29985,29986,29986,29987,29985,29986,29989,29988,29988,29989,29989,29990,29990,29991,29991,29992]} 1. d4 f5 2. Nc3 Nf6 3. Bf4 e6 (3... g6 4. h4 Bg7 5. h5 Nxh5 6. Rxh5 gxh5 7. e3 O-O 8. Qxh5 d6 9. Nf3 Qe8 10. Qh2 Nd7 11. O-O-O {½-½ (67) Al Sayed,M (2508)-Lu,S (2627) Doha 2016}) 4. Qd3 d5 5. f3 Bb4 6. a3 $146 {A80: Dutch Defence: Unusual White second moves} ({Predecessor:} 6. O-O-O O-O 7. Nb5 Na6 8. Nh3 c6 9. a3 Be7 10. Nc3 b5 {0-1 (59) Milin,D (2066)-Vlahovic,S (2117) Belgrade 2016}) 6... Ba5 7. Nh3 O-O 8. e3 {The position is equal.} Nbd7 9. b4 Bb6 10. Be2 Qe7 11. O-O c6 12. Na4 {[%cal Bc3a4,Ba4c5,Bc5d3,Bd3e5][%mdl 32]} Bd8 13. c4 Kh8 14. cxd5 exd5 15. Nc5 a5 16. Qc2 b6 ({Black should play} 16... h6 $11) 17. Nd3 Bb7 18. Rab1 axb4 19. axb4 Nh5 20. Ne5 Nxf4 21. exf4 Rc8 (21... g6 {keeps more tension.} 22. Nf2 Qg7 23. g3 Bf6 24. Ra1 Rfc8) 22. Bd3 Nxe5 23. fxe5 g6 24. Qb2 Bc7 25. Rfe1 Ra8 26. Kh1 Ra4 27. Bc2 Raa8 28. Bd3 (28. Nf4 $14) 28... Rfb8 (28... Ra4 $11) 29. Qc3 Bd8 30. f4 Kg8 31. Ng5 Ra2 32. Bc2 Rba8 33. Bb3 R2a3 34. Rec1 Qe8 35. Qf3 (35. b5 $14) 35... h6 $11 36. Nh3 Be7 {[#]} 37. b5 $1 {[%mdl 512] Strongly threatening bxc6.} Rxb3 $2 (37... c5 $11 38. Bxd5+ Kg7 39. Bxb7 Rxf3 40. Bxf3 Rd8) (37... cxb5 38. Rc7) 38. Rxb3 c5 39. Nf2 Ra4 40. Rd1 c4 41. Rbb1 Ra3 42. Qe2 Ra5 43. g4 {[%cal Bg2g4,Bg4f5][%mdl 32] Threatens to win with gxf5.} Bc8 44. e6 {Black must now prevent gxf5.} Qf8 (44... Bf6 $16) 45. Rg1 $18 Kh7 46. Rg3 (46. Ra1 $18) 46... Qf6 $2 {[%mdl 8192]} (46... Ra7 $16) 47. gxf5 Qxd4 48. Rxg6 {White mates.} Ra1 49. Rxa1 Qxa1+ 50. Rg1 Qa8 51. Qg4 {[%csl Gg1][%cal Rg4g8]} d4+ {[#]} 52. Rg2 $1 {[%csl Gg2][%cal Rg4g8]} Bg5 53. fxg5 Bb7 {[#]} 54. gxh6 $1 {[%csl Gg2,Gh6][%cal Rg4g7]} Bxg2+ (54... Kxh6 55. Qh4#) 55. Kg1 {Precision: White = 56%, Black = 32%.} 1-0

[Event "Odensemesterskabet 2017-IM 2"]
[Site "Odense"]
[Date "2017.10.14"]
[Round "3"]
[White "Nielsen, Viktor Haarmark"]
[Black "Pedersen, Steffen"]
[Result "1/2-1/2"]
[WhiteElo "2302"]
[BlackElo "2368"]
[Annotator "NA"]
[PlyCount "31"]
[EventDate "2017.??.??"]
[EventCountry "DEN"]
[SourceTitle "playchess.com"]
[Source "ChessBase"]
[SourceQuality "1"]
[TimeControl "40/5400+30:1800+30"]

1. e4 e5 2. Nf3 Nc6 3. Bb5 a6 4. Ba4 Nf6 5. O-O Be7 6. d3 b5 7. Bb3 O-O 8. a4 b4 9. a5 d6 10. Nbd2 Be6 11. Nc4 Nd7 12. Be3 Bf6 13. c3 bxc3 14. bxc3 Re8 15. Nfd2 Nf8 16. Ba4 1/2-1/2

[Event "Odensemesterskabet 2017-IM 2"]
[Site "Odense"]
[Date "2017.10.14"]
[Round "3"]
[White "Rostgaard, Tobias Valentin"]
[Black "Olsen, Filip Boe"]
[Result "1-0"]
[WhiteElo "2297"]
[BlackElo "2266"]
[Annotator "NA"]
[PlyCount "83"]
[EventDate "2017.??.??"]
[EventCountry "DEN"]
[SourceTitle "playchess.com"]
[Source "ChessBase"]
[SourceQuality "1"]
[TimeControl "40/5400+30:1800+30"]

1. e4 c6 2. d4 d5 3. exd5 cxd5 4. c4 Nf6 5. Nc3 Nc6 6. Nf3 Bg4 7. cxd5 Nxd5 8. Qb3 Bxf3 9. gxf3 e6 10. Qxb7 Nxd4 11. Bb5+ Nxb5 12. Qc6+ Ke7 13. Qc5+ Nd6 14. Nxd5+ exd5 15. Qxd5 Rb8 16. Bf4 Qd7 17. O-O Rb6 18. Rfe1+ Kd8 19. Rad1 h6 20. Qa8+ Qc8 21. Qxa7 Qc7 22. Re8+ Kd7 23. Qa8 Ra6 24. Qxa6 Kxe8 25. Bxd6 Bxd6 26. Qxd6 Qxd6 27. Rxd6 Ke7 28. Rb6 Ra8 29. a3 h5 30. Kg2 g6 31. Kg3 Ra4 32. Rb4 Ra5 33. a4 Kd6 34. b3 Rg5+ 35. Kf4 Rf5+ 36. Ke3 Kc6 37. Rf4 Re5+ 38. Kd3 f5 39. Rc4+ Kb6 40. Kd2 g5 41. Rb4+ Kc6 42. Rb5 {Kd5} 1-0

[Event "Odensemesterskabet 2017-IM 2"]
[Site "Odense"]
[Date "2017.10.15"]
[Round "4"]
[White "Aabling-Thomsen, Jakob"]
[Black "Nielsen, Viktor Haarmark"]
[Result "1/2-1/2"]
[WhiteElo "2390"]
[BlackElo "2302"]
[Annotator "TA"]
[PlyCount "129"]
[EventDate "2017.??.??"]
[EventCountry "DEN"]
[SourceTitle "playchess.com"]
[Source "ChessBase"]
[SourceQuality "1"]

{[%evp 11,128,0,0,0,20,12,15,13,17,-39,-42,-41,-35,-17,-26,-37,-32,-41,-15,-83,-62,-49,-51,-47,-2,-13,0,0,0,-15,0,0,0,0,2,8,8,8,8,8,25,8,8,8,8,7,8,10,41,39,41,41,35,29,63,47,70,68,101,8,8,8,8,8,8,0,8,7,7,7,7,7,7,7,7,7,7,8,8,7,7,0,8,0,0,0,0,0,0,0,8,0,8,8,8,8,8,8,8,8,8,8,8,8,8,8,8,0,0,0,29986,0,0,0,0,0,0,0,0]} 1. Nf3 d5 2. g3 Nf6 3. Bg2 g6 4. c4 c6 5. Qa4 Bg7 6. cxd5 {A11: English Opening: 1...c6} Nxd5 {LiveBook: 25 Games} 7. h4 $146 ({Predecessor:} 7. O-O O-O 8. Nc3 Nd7 9. Rd1 N7b6 10. Qc2 Nb4 11. Qb1 a5 12. d4 N4d5 13. e4 Nxc3 14. bxc3 Nc4 15. a4 e5 16. Qb3 {1-0 (25) Grischuk,A (2764)-Wang,H (2737) Beijing 2012}) 7... Nf6 8. Nc3 O-O 9. d4 Nbd7 10. e4 ({Better is} 10. O-O $11) 10... e5 $15 11. dxe5 Ng4 12. O-O Ndxe5 13. Nxe5 Bxe5 14. Qc2 Be6 15. Na4 (15. Ne2 $11 {keeps the balance.}) 15... b6 16. Bg5 Qc7 17. Rad1 Bg7 ({Inferior is} 17... Bxa2 18. b3 $16) 18. Bf4 Ne5 19. Nc3 Rac8 20. Ne2 Rfd8 21. b3 Bg4 22. f3 Be6 23. Be3 c5 24. Nf4 Qe7 25. Nxe6 Qxe6 26. Rxd8+ Rxd8 27. Rd1 $36 {[%mdl 2048] White is more active.} Rxd1+ 28. Qxd1 Nc6 29. Kh2 Nd4 30. f4 h5 31. e5 Qd7 32. Be4 Kf8 33. Kg2 Ke7 34. Qd3 Nf5 {[#]} 35. Bf2 (35. Bxf5 $1 $16 gxf5 36. Qe2) 35... Qxd3 $11 36. Bxd3 {[%mdl 4096] Endgame KBB-KBN} f6 37. exf6+ Bxf6 38. Kh3 Bd4 39. Bxd4 cxd4 {KB-KN} 40. g4 hxg4+ 41. Kxg4 {Hoping for Kg5.} Kf6 $1 42. b4 Ne3+ 43. Kf3 Nf5 44. Ke4 Ke6 45. Bc4+ Kf6 46. Bd3 Ke6 47. a4 a5 48. bxa5 bxa5 49. Bc4+ Kf6 50. Bd3 Ke6 51. Bc2 Nxh4 52. Kxd4 {[#] aiming for Be4.} g5 53. fxg5 {Strongly threatening Be4.} Nf3+ 54. Kc5 Nxg5 55. Kb5 Kd6 56. Kxa5 {Black must now prevent Kb6.} Kc7 57. Ka6 Ne6 58. a5 {[%cal Ba4a5,Ba5a6,Ba6a7][%mdl 32]} Nd4 59. Ba4 Nc6 60. Bxc6 Kxc6 61. Ka7 Kc7 {The position is equal.} 62. a6 Kc8 63. Kb6 {Threatening mate with a7.} Kb8 64. a7+ Ka8 65. Ka6 $2 {[%mdl 8192] Precision: White = 46%, Black = 61%.} (65. Kc6) 1/2-1/2

[Event "Odensemesterskabet 2017-IM 2"]
[Site "Odense"]
[Date "2017.10.15"]
[Round "4"]
[White "Rostgaard, Tobias Valentin"]
[Black "Fries-Nielsen, Jens Ove"]
[Result "1/2-1/2"]
[WhiteElo "2297"]
[BlackElo "2314"]
[Annotator "TA"]
[PlyCount "25"]
[EventDate "2017.??.??"]
[EventCountry "DEN"]
[SourceTitle "playchess.com"]
[Source "ChessBase"]
[SourceQuality "1"]

{[%evp 9,25,66,80,40,67,47,79,61,59,41,83,70,91,91,101,24,33,-8]} 1. e4 e6 2. d4 d6 3. Nc3 Ne7 (3... g6 4. f4 Bg7 5. Nf3 Ne7 6. Bd3 a6 7. Qe2 d5 8. Be3 Nbc6 9. a3 dxe4 10. Bxe4 Nd5 11. Bxd5 exd5 12. Bf2+ Ne7 13. O-O-O O-O 14. Rhe1 {1-0 (36) Perunovic,M (2662)-Indjic,A (2515) Goracici 2015}) 4. Nge2 Nd7 $146 ({Predecessor:} 4... Ng6 5. Nf4 Nd7 6. Nh5 Nf6 7. Bg5 h6 8. Nxf6+ gxf6 9. Be3 Bg7 10. h4 Bd7 {1-0 (28) Schubert,H (2005)-Hoeppner,H (1701) Gladenbach 1999}) 5. g3 a6 6. a4 {C01: French: Exchange Variation} Rb8 7. Bg2 g6 8. O-O {White is better.} Bg7 9. Be3 h6 10. Qd2 b5 11. axb5 axb5 12. f4 (12. Na2 $16) 12... b4 13. Nb1 1/2-1/2

[Event "Odensemesterskabet 2017-IM 2"]
[Site "Odense"]
[Date "2017.10.15"]
[Round "4"]
[White "Olsen, Filip Boe"]
[Black "Pedersen, Steffen"]
[Result "1-0"]
[WhiteElo "2266"]
[BlackElo "2368"]
[Annotator "TA"]
[PlyCount "51"]
[EventDate "2017.??.??"]
[EventCountry "DEN"]
[SourceTitle "playchess.com"]
[Source "ChessBase"]
[SourceQuality "1"]

{[%evp 9,51,12,20,17,41,54,35,35,54,41,95,86,136,103,111,95,101,105,118,114,110,123,184,142,193,201,198,165,215,215,204,212,210,208,222,220,200,197,458,455,526,520,29991,29992]} 1. d4 e6 2. c4 Bb4+ 3. Bd2 a5 4. e4 d5 5. e5 (5. a3 Bxd2+ 6. Nxd2 Ne7 7. Ngf3 Nbc6 8. Be2 O-O 9. O-O b6 10. cxd5 exd5 11. e5 Nf5 12. Nb1 f6 {0-1 (35) Bekker Jensen,S (2460)-Edouard,R (2648) Grosseto Prugna 2016}) 5... Bxd2+ 6. Nxd2 {A40: Unusual replies to 1 d4} dxc4 $146 ({Predecessor:} 6... Ne7 7. Qg4 Nf5 8. Ngf3 Nc6 9. Bd3 O-O 10. cxd5 Qxd5 11. Ne4 Kh8 12. Nc3 Qd8 {1-0 (38) Hellborg,T (2379)-Schussler,H (2439) Sweden 2006}) 7. Qg4 Kf8 8. Bxc4 {White is slightly better.} Nc6 9. Ne2 g6 ({Black should try} 9... h5 $14 10. Qe4 Nge7) 10. Rd1 f5 11. exf6 Nxf6 12. Qf4 $36 {[%mdl 2048] White is on the roll.} Kg7 13. O-O Rf8 14. Nf3 Qd6 15. Rfe1 Re8 (15... a4 $16) 16. Ne5 Nb4 (16... Rf8 $16) 17. Nc3 $18 Nbd5 18. Qg3 Nxc3 19. bxc3 Nh5 20. Qg4 Qd8 21. Re3 {[%cal Be1e3,Be3h3,Bh3h7][%mdl 32] [#] Black must now prevent Rh3.} Nf6 22. Qf4 Rf8 23. Rh3 Ng8 $2 (23... Nh5 {keeps fighting.} 24. Qe3 Nf4) 24. Qg3 Qf6 25. Rd3 {Strongly threatening Rf3.} Qf4 {[#]} (25... Ne7 $18 26. Rf3 Nf5) 26. Rxh7+ $1 {[%mdl 512] Precision: White = 82%, Black = 33%.} 1-0

[Event "Odensemesterskabet 2017-IM 2"]
[Site "Odense"]
[Date "2017.10.15"]
[Round "5"]
[White "Pedersen, Steffen"]
[Black "Aabling-Thomsen, Jakob"]
[Result "1/2-1/2"]
[WhiteElo "2368"]
[BlackElo "2390"]
[Annotator "TA"]
[PlyCount "40"]
[EventDate "2017.??.??"]
[EventCountry "DEN"]
[SourceTitle "playchess.com"]
[Source "ChessBase"]
[SourceQuality "1"]

{[%evp 21,40,49,44,52,100,112,110,91,170,142,176,180,174,78,91,76,95,47,50,37,45]} 1. d4 f5 2. g3 Nf6 3. Bg2 g6 4. Nf3 Bg7 5. O-O O-O 6. c4 d6 7. Nc3 c6 8. b3 Qc7 9. Ba3 Rd8 10. Qc2 e5 11. dxe5 dxe5 12. e4 {A88: Dutch Defence: Leningrad System: 5 Nf3 0-0 6 0-0 d6 7 Nc3 c6} (12. Rad1 e4 13. Ng5 h6 14. Nh3 Be6 15. f3 exf3 16. exf3 Rxd1 17. Rxd1 Nbd7 18. Nf4 Bf7 19. Nd3 Re8 {0-1 (63) Villar,J (2102)-Gonzalez Acosta,B (2478) Barcelona 2016}) 12... Nxe4 $146 ({Predecessor:} 12... fxe4 13. Ng5 Bf5 14. Ncxe4 Nbd7 15. Rad1 Nxe4 16. Bxe4 Bxe4 17. Nxe4 c5 18. Rd5 b6 19. Rfd1 Nf6 20. Nxf6+ Bxf6 {½-½ (42) Acebal Muniz,A (2252)-Recuero Guerra,J (2120) Oviedo 2003}) 13. Nxe4 fxe4 14. Ng5 {White is better.} ({Of course not} 14. Qxe4 $6 Bf5 $14) 14... Bf5 (14... a5 $16) 15. Bxe4 $18 Bxe4 16. Qxe4 {And now Ne6 would win.} ({Much less strong is} 16. Nxe4 Na6 $16) 16... Re8 17. Rae1 (17. Rad1 $18) 17... Nd7 $16 18. Qc2 Rad8 19. Ne4 Nf8 20. Bxf8 Rxf8 1/2-1/2